000 00422nam a2200157Ia 4500
008 210716s2007 xx 000 0 und d
020 _a9788184044423
041 _aeng
082 _a005.1332 HILJ
100 _aHilyard, Jay; Teilhet, Stephen.
245 _aC# 3.0 cookbook..
250 _a3
260 _aMumbai
_bShroff Publishers and Distributors Pvt Ltd
_c2007
300 _axxvi,857,15
650 _aC# Progamming
999 _c189144
_d189144